| 000 | 00672cam a22002411 4500 | ||
|---|---|---|---|
| 999 |
_c5484 _d5484 |
||
| 001 | 8862593 | ||
| 003 | GZU | ||
| 005 | 20210407101257.0 | ||
| 008 | 770325s1954 sa 001 0 eng | ||
| 010 | _a 55023866 | ||
| 035 | _a(OCoLC)2834325 | ||
| 040 |
_aDLC _cNRU _dDLC |
||
| 042 | _apremarc | ||
| 050 | 0 | 0 |
_aPL8842 _bN9 1954 |
| 082 | _a398.9 | ||
| 100 | 1 |
_aNyembezi, C. L. Sibusiso _q(Cyril Lincoln Sibusiso), _d1919- |
|
| 245 | 0 | 0 | _aZulu proverbs. |
| 260 |
_aPietermaritzburg: _bShuter and Shooter, _c1990. |
||
| 300 |
_a238 p. _c23 cm. |
||
| 650 | 0 | _aProverbs, Tulu. | |
| 906 |
_a7 _bcbc _coclcrpl _du _encip _f19 _gy-gencatlg |
||
| 942 |
_2lcc _cBK _h8842 _iNYE _kPL _m1990 |
||